| Tag |
First Indicator |
Second Indicator |
Subfields |
| LEADER |
00000cam a2200000 4500 |
| 001 |
in00001895607 |
| 006 |
m | d | |
| 007 |
cr |n||||||||n |
| 008 |
810603s1800 xxu|||| s 00| | eng d |
| 005 |
20260407190320.2 |
| 035 |
|
|
|a (CStRLIN)ESTCW21526
|
| 040 |
|
|
|a MWA
|c MWA
|d Cu-RivES
|d CStRLIN
|d Thomson Gale
|d UtOrBLW
|
| 100 |
1 |
|
|a Bishop, Abraham.
|
| 240 |
1 |
0 |
|a Connecticut Republicanism
|
| 245 |
1 |
3 |
|a An oration on the extent and power of political delusion :
|b Delivered in New-Haven, on the evening preceding the public commencement, September, 1800. By Abraham Bishop.
|
| 250 |
|
|
|a The second edition. [Six lines beginning: Republicans!].
|
| 264 |
|
3 |
|a Newark [N.J.] :
|b Printed by Pennington and Gould,
|c M,DCCC. [1800]
|
| 300 |
|
|
|a iv, 1 unnumbered page, 6-71, 1 unnumbered page ;
|c 8⁰.
|
| 336 |
|
|
|a text
|b txt
|2 rdacontent
|
| 337 |
|
|
|a computer
|b c
|2 rdamedia
|
| 338 |
|
|
|a online resource
|b cr
|2 rdacarrier
|
| 500 |
|
|
|a Caption title: Political delusion.
|
| 500 |
|
|
|a First published as: Connecticut Republicanism. An oration ..
|
| 500 |
|
|
|a Error in paging: pages 60-68 misnumbered 52-60.
|
| 500 |
|
|
|a In some copies only pp. 61-68 are misnumbered (Felcone).
|
| 500 |
|
|
|a Reproduction of original from the Library of Congress.
|
| 510 |
4 |
|
|a Evans,
|c 36980
|
| 510 |
4 |
|
|a Felcone, J. New Jersey Books, 1992,
|c 18
|
| 510 |
4 |
|
|a Morsch, L.M. New Jersey,
|c 460
|
| 510 |
4 |
|
|a English Short Title Catalog,
|c ESTCW21526.
|
| 533 |
|
|
|a Electronic reproduction.
|b Farmington Hills, Mich. :
|c Thomson Gale,
|d 2003.
|n Available via the World Wide Web.
|n Access limited by licensing agreements
|7 s2003 miunns
|
| 500 |
|
|
|a Electronic resource.
|
| 710 |
2 |
|
|a Yale College (1718-1887),
|e author.
|
| 830 |
|
0 |
|a Eighteenth century collections online.
|
| 856 |
4 |
0 |
|u http://proxy.library.tamu.edu/login?url=https://galenet.galegroup.com/servlet/ECCO?c=1&stp=Author&ste=11&af=BN&ae=W021526&tiPG=1&dd=0&dc=flc&docNum=CW107692658&vrsn=1.0&srchtp=a&d4=0.33&n=10&SU=0LRL+OR+0LRI&locID=txshracd2898
|z Full text online
|t 0
|
| 999 |
|
|
|a MARS
|
| 999 |
f |
f |
|s 6ed95d48-2c8f-393c-8c5d-a3422ea0d1f4
|i 396846ae-dfa0-3bee-9275-d313ba7397c3
|t 0
|
| 952 |
f |
f |
|a Texas A&M University
|b College Station
|c Electronic Resources
|s www_evans
|d Available Online
|t 0
|h No information provided
|
| 998 |
f |
f |
|t 0
|l Available Online
|